000 00742nam a22002890a 4500
001 PT45321
003 AR-LpoUNG
005 20210131231044.0
008 191001s2010||||ag |||||||||||||||||spa d
020 _a9789872517991
_c$6
040 _aAR-LpoUNG
_bspa
_cAR-LpoUNG
_eaacr
041 _aspa
044 _aag
082 0 _a808.068 3 62nar
100 1 _aKishimoto, Masashi
245 1 0 _aNaruto :
_b­­los retadores!!
250 _a1§ ed.
260 _aBuenos Aires :
_bLARP,
_c2010.
300 _a181 p. :
_bil.
650 4 _aLITERATURA
651 4 _aDOCUMENTOS TEORICOS O METODOLOGICOS
653 _aHISTORIETAS
653 _aLITERATURA INFANTIL
700 1 _aGómez Sanz, Agustín
_etr.
905 _a45321
942 _cLIB
999 _c7734
_d7734